000 00874cam a2200241 4500
001 ABS65468
008 020524n2002 000 0 eng u
035 _a(Sirsi) u118130
245 _aProperty Week: London supplement
260 _c2002
490 _aProperty Week
_vMay 2002, 3-40(18)
520 _aSupplement on the London property market. Includes articles on the Heron Tower enquiry and future tall building construction; the Tyburn river; Finsbury Square; Ken Livingstone's London Plan looked at borough by borough.
590 _aABS
650 _aLONDON PLAN
650 _aTYBURN
650 _aHIGH RISE SCHEMES
650 _aGREATER LONDON AUTHORITY
650 _aTALL BUILDINGS
650 _aFINSBURY SQUARE
650 _aPROPERTY-COMMERCIAL PROPERTY-OFFICE PROPERTY-OFFICE PROPERTY MARKET
690 _aCOMMERCIAL PROPERTY - MARKET
942 _n0
999 _c70347
_d70347